000
00320nam a22001337a 4500
003
OSt
008
220825b |||||||| |||| 00| 0 eng d
082
_a
796
_b
NGO/GE
100
_a
National games organisation committe
_9
5243
245
_a
Get set play
260
_a
Thiruvananthapuram
_c
2015
300
_a
204
942
_c
BK
999
_c
17544
_d
17544